| 000 | 00525nam a2200217Ia 4500 | ||
|---|---|---|---|
| 005 | 20250210043623.0 | ||
| 008 | 240331s9999 xx 000 0 und d | ||
| 020 | _a0745317332 | ||
| 082 |
_bHOO _25667 _a305.4 |
||
| 100 | _aBell Hooks | ||
| 245 | 0 |
_aFeminism is For Everybody: _bPassionate Politics |
|
| 260 |
_aLondon _bPluto Press _c2000 |
||
| 300 | _ax, 123 p., | ||
| 650 | _aFeminism | ||
| 650 | _aPolitics | ||
| 650 | _aRace | ||
| 650 | _aGender | ||
| 650 | _aSpiritualilty | ||
| 650 | _aMasculinity | ||
| 942 | _cL | ||
| 999 |
_c1646 _d1646 |
||